000 00436cam a22001457a 4500
008 180718b1972 xxu||||| |||| 00| 0 eng d
082 _aB6x73 Ad84g/72
100 _aAdrian, R. Charles
245 _aGoverning our fifty states and their communities
_cby Charles R. Adrian
250 _a3rd.ed.
260 _aNew York
_bMcGraw-Hill
_c1972
300 _a135p.
650 _aLocal government --United States.
650 _aState governments
999 _c340586
_d340586